[Event "IECG TE.2003.P.01302 email"]
[Site "IECG email"]
[Date "2003.11.11"]
[Round "?"]
[White "Grimes, George"]
[Black "Leclery, Nathaniel"]
[Result "0-1"]
[WhiteElo "1100"]
[BlackElo "800"]
[PlyCount "39"]
[EventDate "2003.11.11"]
[EventType "tourn (corr)"]
[EventRounds "10"]
[SourceTitle "Corr 2008"]
[Source "ChessBase"]
[SourceDate "2008.06.24"]
[SourceVersion "1"]
[SourceVersionDate "2008.06.24"]
[SourceQuality "1"]

1. e4 c5 2. Nf3 Nc6 3. d4 cxd4 4. Nxd4 Nf6 5. Nc3 e6 6. Ndb5 d6 7. Bc4 Na5 8. Qe2 a6 9. Nd4 e5 10. Nf5 b5 11. Bd5 Bb7 12. Nxb5 Nxd5 13. exd5 Bxd5 14. Nbd4 Bxg2 15. Rg1 Bd5 16. Qg4 exd4 17. Bg5 f6 18. Bf4 g6 19. Nxd6+ Bxd6 20. 0-0-0 0-1

[Event "IECG TE.2003.P.01302 email"]
[Site "IECG email"]
[Date "2003.11.11"]
[Round "?"]
[White "Leclery, Nathaniel"]
[Black "Ibar, Marcelo Rodolfo"]
[Result "0-1"]
[WhiteElo "800"]
[BlackElo "2241"]
[PlyCount "54"]
[EventDate "2003.11.11"]
[EventType "tourn (corr)"]
[EventRounds "10"]
[SourceTitle "Corr 2008"]
[Source "ChessBase"]
[SourceDate "2008.06.24"]
[SourceVersion "1"]
[SourceVersionDate "2008.06.24"]
[SourceQuality "1"]

1. e4 c5 2. Nf3 Nc6 3. d4 cxd4 4. Nxd4 Nf6 5. Nc3 e6 6. Ndb5 Bb4 7. a3 Bxc3+ 8. Nxc3 d5 9. exd5 exd5 10. Bd3 0-0 11. 0-0 d4 12. Ne2 Bg4 13. Re1 Re8 14. Bf4 Qb6 15. f3 Bf5 16. Kh1 Bxd3 17. Qxd3 Rad8 18. Bg5 Ne5 19. Qf5 Rd6 20. b4 h6 21. Bf4 Rde6 22. Bg3 g6 23. Qf4 Nh5 24. Qxd4 Nxg3+ 25. hxg3 Nc6 26. Qxb6 axb6 27. b5 Na5 0-1